| 000 | 00648nam a2200181 4500 | ||
|---|---|---|---|
| 001 | 137697 | ||
| 003 | ES-MaACL | ||
| 005 | 20230906195426.0 | ||
| 007 | t| | ||
| 008 | 070214s1951 sp r ||||1| spa d | ||
| 100 | 1 |
_aSales Vallés, Francisco. _9101886 |
|
| 245 | 1 | 0 |
_aIntroducción a un estudio geométrico de la teoría de errores / _cpor Francisco Sales Vallés. |
| 260 |
_aMadrid : _b[s. n.], _c1951 ( _fNuevas Gráf.) |
||
| 300 |
_a32 p. ; _c25 cm. |
||
| 500 | _aPrecede al tít.: Consejo Superior de Investigaciones Científicas. Instituto Jorge Juan. | ||
| 710 | 2 |
_aInstituto "Jorge Juan" _95107 |
|
| 852 |
_aES-MaACL _j1917-F-21 _bR.31222 |
||
| 999 |
_c137697 _d137697 |
||